|
|
|
|
| LEADER |
00000nam a2200000 a 4500 |
| 001 |
vtls008187048 |
| 003 |
SK-MaSNL |
| 005 |
20260301074631.0 |
| 008 |
050729s2004 xo dl f 000 0 slo |
| 015 |
|
|
|a SNBA2005/10-03703
|
| 020 |
|
|
|a 8022519421 (brož.)
|
| 040 |
|
|
|a SNK
|b slo
|c SNK
|e AACR2
|
| 041 |
0 |
|
|a slo
|
| 043 |
|
|
|a e-xo---
|
| 044 |
|
|
|a xo
|c SK
|
| 072 |
|
7 |
|a 339
|x Obchod
|2 konspekt
|
| 080 |
|
|
|a 007+004
|2 MDT-MRF
|
| 080 |
|
|
|a (437.6)
|2 MDT-MRF
|
| 080 |
|
|
|a (048.8)
|2 MDT-MRF
|
| 080 |
|
|
|a 339.138
|2 MDT-MRF
|
| 100 |
1 |
|
|a Žák, Štefan,
|d 1971-
|4 aut
|9 159785
|
| 245 |
1 |
0 |
|a Analýza uplatňovania sekundárneho výskumu trhu v podmienkach Slovenskej republiky
|c Štefan Žák a kolektív
|
| 250 |
|
|
|a [1. vyd.]
|
| 260 |
|
|
|a Bratislava
|b [Ekonomická univerzita]
|c 2004
|
| 300 |
|
|
|a 120 s.
|b grafy, sch., tab.
|c 21 cm
|
| 504 |
|
|
|a Bibliogr. s. 115-120
|
| 650 |
0 |
7 |
|a marketing
|2 SNKPH
|9 2299
|
| 650 |
0 |
7 |
|a informačné systémy
|2 SNKPH
|9 1128
|
| 655 |
|
7 |
|a štúdie
|2 SNKPH
|9 57033
|
| 919 |
|
|
|a 80-225-1942-1
|
| 958 |
|
|
|a OND
|
| 968 |
|
|
|d 33
|
| 999 |
|
|
|c 647771
|d 649701
|
| 952 |
|
|
|a SNK
|b SNK
|y PREZ
|7 0
|p 17A0480083
|o snkSC 120893
|i snk2005/13368
|8 0
|0 0
|1 0
|4 0
|d 2005-07-29
|l 0
|r 2025-05-30 00:00:00
|w 2026-02-23
|
| 952 |
|
|
|a SNK
|b SNK
|y VYP
|7 0
|p 17A0480082
|o snkSC 120893 D1
|i snk2005/13369
|8 0
|0 0
|1 0
|4 0
|d 2005-07-29
|l 0
|r 2026-02-23 18:12:50
|w 2026-02-23
|